Países Con Mejor Condición De Democracia - Estadísticas

Estadísticas generales
  • Esta prueba ha sido intentada 103 veces
  • La puntuación promedio es 24 de 30
Estadísticas de respuestas
Ranga Cuenta País % Correcto
25 7.96 Estados Unidos
99%
1 9.87 Noruega
99%
3 9.39 Suecia
99%
8 9.22 Canadá
98%
17 8.29 España
97%
5 9.25 Finlandia
95%
7 9.22 Dinamarca
94%
13 8.68 Alemania
93%
20 8.12 Francia
93%
24 7.99 Japón
93%
14 8.52 Reino Unido
93%
9 9.09 Australia
92%
22 8.03 Portugal
92%
10 9.03 Suiza
92%
2 9.58 Islandia
90%
4 9.26 Nueva Zelanda
90%
16 8.29 Austria
89%
23 8.00 Corea del Sur
86%
11 9.01 Países Bajos
86%
6 9.24 Irlanda
85%
12 8.81 Luxemburgo
80%
21 8.08 Chile
78%
27 7.90 Estonia
74%
15 8.38 Uruguay
72%
26 7.95 Malta
63%
19 8.13 Costa Rica
61%
28 7.86 Israel
60%
18 8.22 Mauricio
26%
29 7.81 Botsuana
22%
30 7.78 Cabo Verde
17%
No se encontraron pruebas coincidentes
Distribución de puntuación
Porcentaje de gente con cada puntuación
Porcentaje por número respondido
Historial de tus puntuaciones
No has intentado esta prueba.